Dünya Ülkeleri: En Fazla Bilinen Ülkeler - Statistics

General Stats
  • This quiz has been taken 3 631 times
  • The average score is 20 of 26
Answer Stats
Sıra Kıta % Ülke % Correct
1 Kuzey Amerika %95 Birleşik Devletler
99%
5 Asya %93 Çin
97%
6 Asya %92 Almanya
94%
7 Avrupa %92 Fransa
94%
3 Kuzey Amerika %94 Kanada
94%
4 Avrupa %94 Rusya
94%
2 Asya %95 Türkiye
94%
12 Avrupa %91 İspanya
87%
14 Asya %90 Japonya
87%
9 Avrupa %92 İtalya
85%
19 Güney Amerika %88 Brezilya
83%
13 Asya %90 Hindistan
82%
21 Asya %88 Güney Kore
78%
15 Kuzey Amerika %90 Meksika
77%
22 Afrika %88 Mısır
77%
26 Avrupa %86 Portekiz
75%
11 Asya %92 Yunanistan
74%
18 Avrupa %89 İsveç
69%
25 Avrupa %86 Norveç
67%
24 Asya %87 Kuzey Kore
65%
10 Avrupa %92 İran
59%
8 Avrupa %92 Irak
53%
20 Avrupa %88 Bulgaristan
50%
16 Asya %90 Suriye
50%
17 Asya %89 Azerbaycan
48%
23 Asya %87 Ermenistan
38%
No matching quizzes found
Score Distribution
Percent of People with Each Score
Percentile by Number Answered
Your Score History
You have not taken this quiz